Nazwij miejsca w Łodzi - Statystyki

Ogólne statystyki
  • Ten quiz został rozwiązany 16 razy
  • Średni wynik to 15 z 29
Statystyki odpowiedzi
Obrazkowy Odpowiedź % Poprawnych
Łódź {Fabryczna}
100%
Aquapark {Fala}
92%
Stadion {Widzew} Łódź
92%
Ulica {Piotrkowska}
92%
{Atlas} Arena
85%
Bazylika św. Stanisława {Kostki}
77%
{Manufaktura}
77%
Centralne Muzeum {Włókiennictwa}
69%
{Filharmonia} Rubensteina
69%
Lotnisko im. {Reymonta}
69%
Pasaż {Róży}
69%
Plac {Wolności}
69%
Centrum Nauki i Techniki {EC1}
62%
Pałac {Poznańskiego}
62%
Dworzec {Stajnia Jednorożców}
54%
Las {Łagiewnicki}
46%
Łódzki {Manhattan}
46%
{Orientarium} ZOO
46%
Wieżowiec {TVP}
46%
{Palmiarnia}
31%
Park {Sienkiewicza}
31%
{Księży Młyn}
23%
Stacja {Radegast}
23%
{HI!} Piotrkowska
15%
Mediateka {Memo}
15%
Muzeum {Tradycji Niepodległościowych}
15%
Pałac {Herbsta}
15%
Park {Staromiejski}
8%
Tunel {CPK}
8%
Nie znaleziono quizów pasujących do podanych kryteriów
Rozkład punktacji
Procent ludzi z każdym wynikiem
Percentyl według liczby udzielonych odpowiedzi
Twoja historia wyników
Nie rozwiązałeś tego quizu